000 00853nam a22002177a 4500
001 44553
003 BD-RjUL
005 20211209053859.0
008 160718s1958 ii ||||| |||| 00| 0 ben d
035 _a(BD-RjUL)44671
040 _aBD-RjUL
_bben
_cBD-RjUL
041 _aben
082 _223
_a891.4414
_bTAC 1958
100 _aঠাকুর, রবীন্দ্রনাথ
_9136700
245 1 0 _aছিন্নপত্র /
_c রবীন্দ্রনাথ ঠাকুর
260 _aকলিকাতা :
_bবিশ্বভারতী,
_c১৯৫৮ [১৩৬৫]
300 _a২৯৬ পৃ. :
_bচিত্র ;
_c২১ সেমি.
600 _aঠাকুর, রবীন্দ্রনাথ,
_d১৮৬১-১৯৪১
_9136714
600 _aTagore, Robondronath,
_d1861-1941
_9136702
942 _2ddc
_cBK
999 _c44553
_d44553